India Book of Records 2016/ (Record no. 207999)

MARC details
000 -LEADER
fixed length control field 00529nam a22001817a 4500
005 - DATE AND TIME OF LATEST TRANSACTION
control field 20250103115036.0
010 ## - LCCN (DPL NO)
LC control number B-761545
020 ## - INTERNATIONAL STANDARD BOOK NUMBER
International Standard Book Number 9789385975912
Terms of availability 450.00
035 ## - SYSTEM CONTROL NUMBER
System control number B-761545
037 ## - SOURCE OF ACQUISITION
Source of stock number/acquisition Gift
082 ## - DEWEY DECIMAL CLASSIFICATION NUMBER
Classification number 032.02
245 ## - TITLE STATEMENT
Title India Book of Records 2016/
260 ## - PUBLICATION, DISTRIBUTION, ETC. (IMPRINT)
Place of publication, distribution, etc New Delhi
Name of publisher, distributor, etc Diamonds Books
270 ## - ADDRESS
Address X-30,Okhla Industrial Area, Phase -1
City New Delhi
Postal code 110020
300 ## - PHYSICAL DESCRIPTION
Extent 212p.
Dimensions 21cm(pb)
942 ## - ADDED ENTRY ELEMENTS (KOHA)
Source of classification or shelving scheme Dewey Decimal Classification
Item type English Books
Call number suffix IND
Classification part 032.02
Holdings
Withdrawn status Lost status Not for loan Collection code Home library Current library Date acquired Source of acquisition Cost, normal purchase price Full call number Barcode Copy number Cost, replacement price Koha item type Public note
      Non-fiction Central Library Central Library 03/01/2025 Gift/19.12.24 450.00 IND 032.02 B-761545 1 450.00 English Books Gift

© Delhi Public Library
Hit Counter
free hit counter